[Event "First Saturday 2009 oktober FM-A"]
[Site "Budapest"]
[Date "2009.10.03"]
[Round "1"]
[White "Borda, Lajos"]
[Black "Surinya, Tibor"]
[Result "0-1"]
[WhiteElo "2082"]
[BlackElo "2049"]
[PlyCount "120"]
[EventDate "2009.10.03"]

1. e4 c5 2. c3 d5 3. exd5 Qxd5 4. d4 e6 5. Nf3 Nf6 6. Bd3 Be7 7. O-O O-O 8. Qe2
Nc6 9. dxc5 Qxc5 10. b4 Qd6 11. Rd1 Qc7 12. a3 b6 13. c4 Bb7 14. Bb2 Rfd8 15.
Nbd2 Rac8 16. Rac1 Rd7 17. Nb3 Re8 18. c5 bxc5 19. Nxc5 Bxc5 20. Rxc5 Qd8 21.
Bxf6 gxf6 22. Qc2 f5 23. Rxc6 Bxc6 24. Qxc6 Rd6 25. Qc3 Re7 26. Ne5 Rc7 27. Qb3
Rd5 28. Nc4 Rd4 29. Nb2 Qg5 30. Na4 Rc1 31. Nc5 Qd2 32. Rxc1 Qxc1+ 33. Bf1 Rd1
34. Qg3+ Kf8 35. Qb8+ Kg7 36. Qg3+ Kf8 37. Qb8+ Kg7 38. Qb5 Qxa3 39. Nd3 Qb3
40. h4 Qb1 41. Nf4 Qe4 42. Qb8 Qd4 43. Nh5+ Kh6 44. Ng3 Kg7 45. Nh5+ Kh6 46.
Ng3 Kg7 47. b5 Qg4 48. Qe5+ Kg8 49. Qf6 f4 50. Ne4 Rxf1+ 51. Kh2 Rd1 52. Qe7
Qg6 53. f3 Re1 54. Qxa7 Re2 55. Qa8+ Kg7 56. Qa1+ f6 57. Qf1 Rb2 58. Kg1 Qf5
59. Qc1 Rxb5 60. Qc7+ Kh6 0-1

[Event "First Saturday 2009 oktober FM-A"]
[Site "Budapest"]
[Date "2009.10.03"]
[Round "1"]
[White "Letay, Gyula"]
[Black "Mayer, Istvan"]
[Result "1/2-1/2"]
[WhiteElo "2125"]
[BlackElo "2186"]
[PlyCount "27"]
[EventDate "2009.10.03"]

1. Nf3 Nf6 2. g3 g6 3. Bg2 Bg7 4. O-O O-O 5. d3 d5 6. Nbd2 c6 7. h3 Nbd7 8. e4
dxe4 9. dxe4 Qc7 10. Re1 Nc5 11. c3 Rd8 12. Qc2 b5 13. Nd4 e5 14. N4f3 1/2-1/2

[Event "First Saturday 2009 oktober FM-A"]
[Site "Budapest"]
[Date "2009.10.03"]
[Round "1"]
[White "Knudsen, Jes West"]
[Black "Havaskori, Laszlo"]
[Result "1/2-1/2"]
[WhiteElo "1997"]
[BlackElo "2043"]
[PlyCount "54"]
[EventDate "2009.10.03"]

1. e4 c6 2. Nf3 d5 3. exd5 cxd5 4. Ne5 Nf6 5. d4 e6 6. Bb5+ Bd7 7. Nxd7 Nbxd7
8. O-O Bd6 9. Bg5 Qc7 10. Bxf6 gxf6 11. Qf3 f5 12. c4 dxc4 13. Nd2 O-O 14. Bxd7
Qxd7 15. Nxc4 Bc7 16. Rad1 f6 17. d5 e5 18. d6 Bd8 19. Qd5+ Kh8 20. f4 e4 21.
Kh1 Bb6 22. Nxb6 axb6 23. Qb3 Rac8 24. Qxb6 Rc6 25. Qb5 Rg8 26. g3 Kg7 27. Rfe1
h5 {after 15 move} 1/2-1/2

[Event "First Saturday 2009 oktober FM-A"]
[Site "Budapest"]
[Date "2009.10.03"]
[Round "1"]
[White "Andersen, Daniel"]
[Black "Henrichsen, Jens"]
[Result "1/2-1/2"]
[WhiteElo "1953"]
[BlackElo "1964"]
[PlyCount "61"]
[EventDate "2009.10.03"]

1. c4 Nf6 2. Nc3 e6 3. e4 c5 4. Nf3 d6 5. d4 cxd4 6. Nxd4 Be7 7. Be2 O-O 8. O-O
a6 9. Be3 Nc6 10. Nxc6 bxc6 11. Qd2 Bb7 12. Rad1 Qc7 13. Bf4 Rfd8 14. Bg3 c5
15. Qe3 Ne8 16. f4 f6 17. Rd2 Bc6 18. Bg4 Bd7 19. e5 dxe5 20. fxe5 f5 21. Bf3
Bc6 22. Bxc6 Qxc6 23. Rfd1 Rxd2 24. Rxd2 h6 25. b3 Qc7 26. Na4 Bg5 27. Bf4 Bxf4
28. Qxf4 Nf6 29. Rd6 Ne4 30. Rd3 Rd8 31. Qe3 1/2-1/2

[Event "First Saturday 2009 oktober FM-A"]
[Site "Budapest"]
[Date "2009.10.03"]
[Round "1"]
[White "Schenkerik, Csaba"]
[Black "Arndt, Uwe"]
[Result "1/2-1/2"]
[WhiteElo "2120"]
[BlackElo "2032"]
[PlyCount "43"]
[EventDate "2009.10.03"]

1. e4 c6 2. d4 d5 3. f3 e6 4. Nc3 Nf6 5. e5 Nfd7 6. f4 c5 7. Nf3 Nc6 8. Be3
cxd4 9. Nxd4 Bb4 10. a3 Nxd4 11. Bxd4 Be7 12. Bd3 Nc5 13. O-O Nxd3 14. cxd3 O-O
15. Rc1 b6 16. Qd2 Ba6 17. Ne2 Qd7 18. Rc3 Rac8 19. Rfc1 Rxc3 20. Rxc3 Rc8 21.
Kf2 Rxc3 22. Nxc3 1/2-1/2

[Event "First Saturday 2009 oktober FM-A"]
[Site "Budapest"]
[Date "2009.10.04"]
[Round "2"]
[White "Surinya, Tibor"]
[Black "Arndt, Uwe"]
[Result "0-1"]
[WhiteElo "2049"]
[BlackElo "2032"]
[PlyCount "84"]
[EventDate "2009.10.03"]

1. d4 Nf6 2. c4 e6 3. Nf3 d5 4. Nc3 Nbd7 5. Bg5 Be7 6. e3 c6 7. cxd5 exd5 8.
Bd3 O-O 9. Qc2 Re8 10. O-O h6 11. Bh4 Ne4 12. Bxe7 Qxe7 13. Bxe4 dxe4 14. Nd2
Nf6 15. Rac1 b6 16. Ne2 Ba6 17. Rfe1 Rac8 18. Ng3 Bd3 19. Qa4 Qb7 20. b4 Re6
21. Qb3 Rd8 22. Nc4 Bxc4 23. Rxc4 Ra8 24. Rec1 a5 25. b5 cxb5 26. Qxb5 Rd8 27.
Ne2 Qd5 28. Nc3 Qd6 29. Qb2 Nd5 30. Nb5 Qe7 31. Nc7 Rg6 32. Nxd5 Rxd5 33. a4
Rh5 34. Rc8+ Kh7 35. R8c6 Qh4 36. Rxg6 Qxh2+ 37. Kf1 fxg6 38. d5 Rxd5 39. Qb3
Qh1+ 40. Ke2 Qxc1 41. Qxd5 Qc2+ 42. Ke1 Qxa4 0-1

[Event "First Saturday 2009 oktober FM-A"]
[Site "Budapest"]
[Date "2009.10.04"]
[Round "2"]
[White "Henrichsen, Jens"]
[Black "Schenkerik, Csaba"]
[Result "1/2-1/2"]
[WhiteElo "1964"]
[BlackElo "2120"]
[PlyCount "46"]
[EventDate "2009.10.03"]

1. d4 e6 2. c4 d5 3. Nc3 c5 4. cxd5 exd5 5. Nf3 Nc6 6. g3 Nf6 7. Bg2 Be7 8. O-O
O-O 9. Bg5 h6 10. Be3 cxd4 11. Nxd4 Re8 12. h3 Be6 13. Rc1 Qd7 14. Kh2 Rad8 15.
Qa4 Ne5 16. Qxd7 Rxd7 17. b3 a6 18. Na4 Bd6 19. Nxe6 fxe6 20. Bc5 Bb8 21. Rfd1
Nc6 22. e3 Rf7 23. Kg1 Nd7 1/2-1/2

[Event "First Saturday 2009 oktober FM-A"]
[Site "Budapest"]
[Date "2009.10.04"]
[Round "2"]
[White "Havaskori, Laszlo"]
[Black "Andersen, Daniel"]
[Result "0-1"]
[WhiteElo "2043"]
[BlackElo "1953"]
[PlyCount "60"]
[EventDate "2009.10.03"]

1. d4 Nf6 2. c4 g6 3. Nc3 d5 4. e3 Bg7 5. Nf3 O-O 6. Be2 dxc4 7. Bxc4 c5 8. O-O
cxd4 9. exd4 b6 10. Ne5 e6 11. Bg5 Bb7 12. Qe2 Nc6 13. Rfd1 Nb4 14. Ng4 h5 15.
Ne5 a6 16. a3 Nbd5 17. Nxd5 Bxd5 18. Bxa6 Bb3 19. Rd2 Qd5 20. Re1 Rxa6 21. Qxa6
Ne4 22. Rxe4 Qxe4 23. Be3 Bd5 24. Nf3 Bb7 25. Qe2 Rc8 26. Qd1 Qg4 27. d5 Bxd5
28. Rxd5 exd5 29. Qxd5 Qc4 30. Qd7 Qc1+ 0-1

[Event "First Saturday 2009 oktober FM-A"]
[Site "Budapest"]
[Date "2009.10.04"]
[Round "2"]
[White "Mayer, Istvan"]
[Black "Knudsen, Jes West"]
[Result "1-0"]
[WhiteElo "2186"]
[BlackElo "1997"]
[PlyCount "45"]
[EventDate "2009.10.03"]

1. e4 d5 2. exd5 Nf6 3. d4 Nxd5 4. Nf3 Bg4 5. Be2 Nc6 6. O-O Qd6 7. Nc3 Nf4 8.
Nb5 Nxe2+ 9. Qxe2 Qd7 10. d5 Bxf3 11. gxf3 Ne5 12. c4 Ng6 13. d6 cxd6 14. Rd1
e6 15. c5 a6 16. Nxd6+ Bxd6 17. Rxd6 Qc7 18. b4 Rd8 19. Bg5 Rxd6 20. cxd6 Qd7
21. Rd1 O-O 22. Qc4 Rc8 23. Qxc8+ 1-0

[Event "First Saturday 2009 oktober FM-A"]
[Site "Budapest"]
[Date "2009.10.04"]
[Round "2"]
[White "Yip, Michael"]
[Black "Letay, Gyula"]
[Result "1/2-1/2"]
[WhiteElo "2026"]
[BlackElo "2125"]
[PlyCount "32"]
[EventDate "2009.10.03"]

1. d4 d5 2. c4 e6 3. Nc3 c6 4. cxd5 exd5 5. Nf3 Nf6 6. Qc2 Be7 7. Bg5 O-O 8. e3
h6 9. Bf4 b6 10. Be2 Bb7 11. h3 Bd6 12. Bxd6 Qxd6 13. O-O Nbd7 14. Rfd1 Rfe8
15. Rac1 a6 16. a3 Re6 1/2-1/2

[Event "First Saturday 2009 oktober FM-A"]
[Site "Budapest"]
[Date "2009.10.04"]
[Round "2"]
[White "Borda, Lajos"]
[Black "Kuntz, Andre"]
[Result "0-1"]
[WhiteElo "2082"]
[BlackElo "1974"]
[PlyCount "44"]
[EventDate "2009.10.03"]

1. e4 d6 2. d4 Nf6 3. Bd3 g6 4. f4 Bg7 5. c4 e5 6. fxe5 dxe5 7. d5 Nxe4 8. Qe2
Qh4+ 9. g3 Nxg3 10. hxg3 Qxh1 11. Be3 e4 12. Bc5 Qh5 13. Qxe4+ Qe5 14. Nc3 Bg4
15. Kf2 Qxe4 16. Nxe4 Nd7 17. Be3 O-O-O 18. a4 a6 19. Rc1 Rde8 20. c5 Bf5 21.
c6 Ne5 22. cxb7+ Kxb7 0-1

[Event "First Saturday 2009 oktober FM-A"]
[Site "Budapest"]
[Date "2009.10.05"]
[Round "3"]
[White "Kuntz, Andre"]
[Black "Surinya, Tibor"]
[Result "1/2-1/2"]
[WhiteElo "1974"]
[BlackElo "2049"]
[PlyCount "82"]
[EventDate "2009.10.03"]

1. e4 c5 2. Nf3 d6 3. Bc4 e6 4. d3 a6 5. c3 b5 6. Bb3 Bb7 7. O-O Be7 8. Re1 Nd7
9. Nbd2 Ngf6 10. Bc2 O-O 11. Nf1 Rc8 12. Ng3 Ne5 13. Bf4 Nfd7 14. Rc1 Nxf3+ 15.
gxf3 Ne5 16. Be3 Nc6 17. f4 d5 18. d4 cxd4 19. Bxd4 Nxd4 20. Qxd4 Bc5 21. Qd3
Qh4 22. Qf3 dxe4 23. Bxe4 Bxe4 24. Rxe4 Qf6 25. Nh5 Qg6+ 26. Kh1 f5 27. Re2 Qf7
28. Rce1 g6 29. Ng3 Rfe8 30. h4 Bd6 31. Kg2 h5 32. Rd2 Bc5 33. Red1 Rc7 34. Re1
Rd7 35. Rde2 Rd6 36. Nf1 Qd7 37. Re5 Bb6 38. R1e2 Qc8 39. Qg3 Kf7 40. Nd2 Qd7
41. Nf3 Bd8 1/2-1/2

[Event "First Saturday 2009 oktober FM-A"]
[Site "Budapest"]
[Date "2009.10.05"]
[Round "3"]
[White "Letay, Gyula"]
[Black "Borda, Lajos"]
[Result "1/2-1/2"]
[WhiteElo "2125"]
[BlackElo "2082"]
[PlyCount "80"]
[EventDate "2009.10.03"]

1. e4 c5 2. Nc3 a6 3. g3 b5 4. Bg2 Bb7 5. a3 e6 6. d3 Be7 7. Nge2 d6 8. Be3 Nf6
9. h3 Nc6 10. O-O Qb6 11. Qd2 Rd8 12. Kh2 Nd4 13. f4 d5 14. e5 Nd7 15. Bxd4
cxd4 16. Na2 O-O 17. Qe1 f6 18. exf6 Bxf6 19. g4 Qd6 20. Kh1 e5 21. f5 Bg5 22.
Qg3 Qf6 23. c3 Rc8 24. Nb4 Nb6 25. Nc2 Na4 26. Nb4 Nb6 27. cxd4 exd4 28. Nf4
Bxf4 29. Qxf4 a5 30. g5 Qd8 31. Na2 Rc2 32. h4 Qc7 33. Qg4 Bc8 34. Rac1 Rxf5
35. Rxc2 Rxf1+ 36. Bxf1 Qxc2 37. Qxd4 Qd1 38. Kg2 Bh3+ 39. Kxh3 Qxf1+ 40. Kg3
Qe1+ 1/2-1/2

[Event "First Saturday 2009 oktober FM-A"]
[Site "Budapest"]
[Date "2009.10.05"]
[Round "3"]
[White "Knudsen, Jes West"]
[Black "Yip, Michael"]
[Result "1/2-1/2"]
[WhiteElo "1997"]
[BlackElo "2026"]
[PlyCount "82"]
[EventDate "2009.10.03"]

1. e4 e5 2. Bc4 Nc6 3. Nc3 Nf6 4. d3 Na5 5. Nge2 c6 6. Bxf7+ Kxf7 7. f4 d6 8.
b4 Be7 9. bxa5 Qxa5 10. f5 d5 11. Bd2 Qc7 12. Ng3 Rd8 13. Qf3 d4 14. Nd1 c5 15.
Nf2 Bd7 16. a4 a6 17. a5 c4 18. O-O Bb5 19. Bg5 Rac8 20. Nh5 Kg8 21. Bxf6 Bxf6
22. Nxf6+ gxf6 23. Rfd1 Kh8 24. Ng4 Qg7 25. Qg3 Rg8 26. h3 Qg5 27. Qh2 Rg7 28.
Nf2 cxd3 29. cxd3 Rc2 30. g4 Rgc7 31. h4 Qg7 32. Qg3 Re2 33. Re1 Rec2 34. g5
R7c4 35. Rad1 Rc5 36. Qg4 Bd7 37. Rb1 Bc6 38. gxf6 Qxf6 39. Qg5 Qg7 40. Ng4
Qxg5 41. hxg5 Kg8 1/2-1/2

[Event "First Saturday 2009 oktober FM-A"]
[Site "Budapest"]
[Date "2009.10.05"]
[Round "3"]
[White "Schenkerik, Csaba"]
[Black "Havaskori, Laszlo"]
[Result "1-0"]
[WhiteElo "2120"]
[BlackElo "2043"]
[PlyCount "55"]
[EventDate "2009.10.03"]

1. e4 c5 2. Nf3 d6 3. d4 cxd4 4. Nxd4 Nf6 5. Nc3 a6 6. Bc4 e6 7. Bb3 Nc6 8. Be3
Be7 9. Qe2 Qc7 10. O-O-O Na5 11. g4 Nxb3+ 12. axb3 b6 13. g5 Nd7 14. h4 Bb7 15.
h5 Ne5 16. f4 Nc6 17. g6 Nxd4 18. gxf7+ Kxf7 19. Bxd4 Bf6 20. h6 Bxd4 21. Rxd4
g6 22. f5 exf5 23. Rf1 Rhe8 24. Qd1 Re6 25. exf5 gxf5 26. Rxf5+ Kg8 27. Rg4+
Rg6 28. Qg1 1-0

[Event "First Saturday 2009 oktober FM-A"]
[Site "Budapest"]
[Date "2009.10.05"]
[Round "3"]
[White "Arndt, Uwe"]
[Black "Henrichsen, Jens"]
[Result "1-0"]
[WhiteElo "2032"]
[BlackElo "1964"]
[PlyCount "213"]
[EventDate "2009.10.03"]

1. d4 Nf6 2. c4 e6 3. Nf3 b6 4. g3 Ba6 5. b3 Bb4+ 6. Bd2 Be7 7. Bg2 c6 8. Bc3
d5 9. Nbd2 Nbd7 10. O-O O-O 11. Re1 Rc8 12. e4 dxe4 13. Nxe4 Nxe4 14. Rxe4 Nf6
15. Re1 Qc7 16. a4 Bb7 17. a5 Rfd8 18. Qc2 c5 19. axb6 axb6 20. dxc5 Bxc5 21.
Ra7 Be4 22. Qa2 Ra8 23. Bxf6 gxf6 24. Rxc7 Rxa2 25. Rxc5 bxc5 26. Rxe4 Rd1+ 27.
Re1 Raa1 28. Kf1 Rxe1+ 29. Nxe1 Rb1 30. Ke2 Rb2+ 31. Ke3 Rxb3+ 32. Kd2 Rb2+ 33.
Nc2 Kf8 34. Be4 f5 35. Bd3 Ke7 36. Ke3 Kf6 37. f4 h5 38. h3 Rb3 39. Ne1 Rb8 40.
Nf3 Rg8 41. Kf2 Ra8 42. Ne5 Ra2+ 43. Be2 Ke7 44. Ke3 Ra8 45. Bxh5 f6 46. Ng6+
Kd6 47. Nh4 Ra3+ 48. Kf2 Ra2+ 49. Be2 Ke7 50. Nf3 Kd6 51. Nh4 Ke7 52. Ke3 Ra3+
53. Bd3 Ra2 54. Kf3 Ra3 55. Ke2 Ra2+ 56. Ke3 Kf7 57. Be2 Ra3+ 58. Kf2 Ra2 59.
Nf3 Kg6 60. Ne1 Kf7 61. Nd3 Ra5 62. Nc1 Ra8 63. Nb3 Rc8 64. Bf3 Ke7 65. Ke3 Kd6
66. Nd2 Rc7 67. h4 Ra7 68. h5 e5 69. g4 Ra3+ 70. Ke2 exf4 71. gxf5 Ke5 72. h6
Ra7 73. Ne4 Rh7 74. Nxc5 Kd4 75. Ne6+ Kxc4 76. Nxf4 Rxh6 77. Ne6 Rh2+ 78. Ke3
Ra2 79. Kf4 Rf2 80. Ke4 Rb2 81. Nf4 Rb4 82. Nd5 Rb1 83. Nxf6 Kc5 84. Ke5 Re1+
85. Ne4+ Kc6 86. Kf6 Kd7 87. Nc5+ Kd6 88. Ne6 Rf1 89. Ng5 Kd7 90. Kf7 Kd6 91.
f6 Ra1 92. Kg7 Ra7+ 93. Nf7+ Ke6 94. Bg4+ Kd5 95. Be2 Kd4 96. Kf8 Ra2 97. Bg4
Rg2 98. Nh6 Ke5 99. Kg7 Ra2 100. Bd7 Ra7 101. Nf7+ Kf4 102. Be6 Rb7 103. Kf8
Rb8+ 104. Ke7 Ra8 105. Nd8 Ra7+ 106. Bd7 Kg5 107. f7 1-0

[Event "First Saturday 2009 oktober FM-A"]
[Site "Budapest"]
[Date "2009.10.06"]
[Round "4"]
[White "Surinya, Tibor"]
[Black "Henrichsen, Jens"]
[Result "1/2-1/2"]
[WhiteElo "2049"]
[BlackElo "1964"]
[PlyCount "69"]
[EventDate "2009.10.03"]

1. d4 Nf6 2. c4 e6 3. Nf3 b6 4. Nc3 Bb4 5. g3 Bb7 6. Bg2 O-O 7. O-O d5 8. Ne5
c6 9. a3 Bxc3 10. bxc3 Nbd7 11. cxd5 Nxe5 12. dxe5 Nxd5 13. c4 Ne7 14. Bb2 Qxd1
15. Rfxd1 Rfd8 16. a4 Kf8 17. Ba3 Ke8 18. f4 Rxd1+ 19. Rxd1 Rd8 20. Rxd8+ Kxd8
21. Kf2 Ba6 22. Bxe7+ Kxe7 23. Bxc6 Bxc4 24. Bb5 Bd5 25. Ke3 Bb7 26. Kd4 a6 27.
Bd3 h6 28. e3 Kd7 29. h4 g6 30. e4 Bc8 31. Be2 Bb7 32. Bc4 Bc8 33. Kc3 Kc7 34.
f5 Kc6 35. Kd4 {after 20 move} 1/2-1/2

[Event "First Saturday 2009 oktober FM-A"]
[Site "Budapest"]
[Date "2009.10.06"]
[Round "4"]
[White "Havaskori, Laszlo"]
[Black "Arndt, Uwe"]
[Result "0-1"]
[WhiteElo "2043"]
[BlackElo "2032"]
[PlyCount "96"]
[EventDate "2009.10.03"]

1. d4 Nf6 2. g3 d5 3. Bg2 e6 4. Bg5 Be7 5. Nd2 Nbd7 6. Bxf6 Nxf6 7. Ngf3 O-O 8.
Ne5 Nd7 9. f4 Nxe5 10. fxe5 c5 11. Nf3 Qb6 12. Rb1 Qa5+ 13. Qd2 Qxa2 14. O-O
cxd4 15. Nxd4 Bc5 16. e3 Bd7 17. b4 Bxd4 18. Qxd4 Bb5 19. Rb2 Qc4 20. Qxc4 Bxc4
21. Rd1 Rfd8 22. Bh3 a6 23. Rd4 Rac8 24. Kf2 Rc6 25. Bg4 Rdc8 26. Bd1 Kf8 27.
Ke1 Ke7 28. Kd2 Bf1 29. Rb3 Bb5 30. Ra3 g5 31. c3 Rd8 32. Bf3 Bc4 33. e4 Rc7
34. exd5 Bxd5 35. Be2 Bc4 36. Bxc4 Rxd4+ 37. cxd4 Rxc4 38. Kd3 Rxb4 39. Ke4 h5
40. Rc3 Kd7 41. Rf3 Ke7 42. Rc3 Kf8 43. h3 Kg7 44. Rc7 b6 45. Ra7 a5 46. g4 h4
47. Kd3 Rb3+ 48. Kd2 Kg6 0-1

[Event "First Saturday 2009 oktober FM-A"]
[Site "Budapest"]
[Date "2009.10.06"]
[Round "4"]
[White "Mayer, Istvan"]
[Black "Schenkerik, Csaba"]
[Result "1/2-1/2"]
[WhiteElo "2186"]
[BlackElo "2120"]
[PlyCount "22"]
[EventDate "2009.10.03"]

1. e4 d6 2. d4 g6 3. Nf3 Bg7 4. c3 Nf6 5. Bd3 O-O 6. O-O c6 7. Re1 Nbd7 8. Nbd2
e5 9. Nf1 a6 10. Bg5 Qc7 11. Qc1 Re8 1/2-1/2

[Event "First Saturday 2009 oktober FM-A"]
[Site "Budapest"]
[Date "2009.10.06"]
[Round "4"]
[White "Yip, Michael"]
[Black "Andersen, Daniel"]
[Result "0-1"]
[WhiteElo "2026"]
[BlackElo "1953"]
[PlyCount "68"]
[EventDate "2009.10.03"]

1. d4 Nf6 2. c4 g6 3. Nc3 d5 4. Qb3 dxc4 5. Qxc4 Bg7 6. e4 O-O 7. Be2 a6 8. Bf4
b5 9. Qxc7 Qxd4 10. Nf3 Qb4 11. a3 Qxb2 12. Ra2 Qb3 13. Nd4 Nd5 14. Nxb3 Nxc7
15. Rc2 Ne6 16. Be3 Bb7 17. Nd5 Nc6 18. O-O Ned4 19. Nxd4 Nxd4 20. Nxe7+ Kh8
21. Bxd4 Bxd4 22. Bf3 Be5 23. Nd5 Rac8 24. Rd2 Rfd8 25. Rfd1 Kg7 26. g3 Rc4 27.
Rd3 Ra4 28. R1d2 Bxd5 29. Rxd5 Rxd5 30. exd5 Rxa3 31. Be2 b4 32. d6 b3 33. d7
Bf6 34. Kg2 Ra2 0-1

[Event "First Saturday 2009 oktober FM-A"]
[Site "Budapest"]
[Date "2009.10.06"]
[Round "4"]
[White "Borda, Lajos"]
[Black "Knudsen, Jes West"]
[Result "1/2-1/2"]
[WhiteElo "2082"]
[BlackElo "1997"]
[PlyCount "41"]
[EventDate "2009.10.03"]

1. e4 d5 2. exd5 Nf6 3. d4 Nxd5 4. Nf3 Bg4 5. Be2 Nc6 6. a3 a5 7. h3 Bxf3 8.
Bxf3 e6 9. O-O Be7 10. Qd3 Bf6 11. Nc3 O-O 12. Ne2 Nde7 13. Rd1 Qd7 14. c3 a4
15. Nf4 g6 16. Bxc6 Qxc6 17. c4 Rfd8 18. Be3 Qa6 19. Qc2 Nf5 20. Ne2 Nxe3 21.
fxe3 1/2-1/2

[Event "First Saturday 2009 oktober FM-A"]
[Site "Budapest"]
[Date "2009.10.06"]
[Round "4"]
[White "Kuntz, Andre"]
[Black "Letay, Gyula"]
[Result "0-1"]
[WhiteElo "1974"]
[BlackElo "2125"]
[PlyCount "78"]
[EventDate "2009.10.03"]

1. e4 e5 2. Nf3 Nc6 3. Bc4 Bc5 4. d3 d6 5. O-O Nf6 6. c3 Bb6 7. Be3 Qe7 8. Nbd2
Ng4 9. Bg5 f6 10. Bh4 g5 11. Bg3 h5 12. h4 Nd8 13. d4 a6 14. Re1 Ba7 15. a4 Ne6
16. Bxe6 Bxe6 17. Nf1 O-O-O 18. b4 Rdg8 19. Qd3 Qf7 20. N1d2 f5 21. exf5 Bxf5
22. Qe2 gxh4 23. Bxh4 Qg6 24. g3 Bd3 25. Qd1 e4 26. Ng5 Re8 27. f3 e3 28. Nde4
Bxe4 29. fxg4 Bd5 30. Qb1 Qxb1 31. Raxb1 hxg4 32. Rb2 Bc4 33. Rbe2 Bxe2 34.
Rxe2 c5 35. d5 Kd7 36. Ne6 cxb4 37. cxb4 Rhg8 38. Bf6 Rxe6 39. dxe6+ Kxe6 0-1

[Event "First Saturday 2009 oktober FM-A"]
[Site "Budapest"]
[Date "2009.10.07"]
[Round "5"]
[White "Knudsen, Jes West"]
[Black "Kuntz, Andre"]
[Result "0-1"]
[WhiteElo "1997"]
[BlackElo "1974"]
[PlyCount "104"]
[EventDate "2009.10.03"]

1. e4 c5 2. Nf3 Nc6 3. Bb5 d6 4. O-O e5 5. c3 Nf6 6. d4 Bd7 7. d5 Ne7 8. Bd3
Ng6 9. g3 Bg4 10. Qa4+ Nd7 11. Kg2 Ne7 12. Ng1 f5 13. f3 Bh5 14. Bg5 fxe4 15.
fxe4 h6 16. Bxe7 Bxe7 17. Nd2 Rf8 18. Nc4 a6 19. Ne3 b5 20. Qc2 c4 21. Be2 Bg6
22. Nf5 Rf7 23. b3 cxb3 24. axb3 Nc5 25. Bg4 Kf8 26. h4 h5 27. Bh3 Bh7 28. b4
Nd7 29. Nf3 Nb6 30. Nxe7 Kxe7 31. Ng5 Rxf1 32. Rxf1 Bg6 33. Be6 Nc4 34. Qf2 Qb6
35. Qxb6 Nxb6 36. Bf7 Bxf7 37. Rxf7+ Ke8 38. Rxg7 Rc8 39. Nf7 Kf8 40. Rg6 Kxf7
41. Rxd6 Na4 42. Re6 Nxc3 43. Rxe5 Rc4 44. Rxh5 Nxe4 45. Rh7+ Kf6 46. Ra7 Rxb4
47. Rxa6+ Ke5 48. g4 Rb3 49. g5 Rg3+ 50. Kh2 Rg4 51. Rh6 b4 52. g6 b3 0-1

[Event "First Saturday 2009 oktober FM-A"]
[Site "Budapest"]
[Date "2009.10.07"]
[Round "5"]
[White "Andersen, Daniel"]
[Black "Borda, Lajos"]
[Result "1/2-1/2"]
[WhiteElo "1953"]
[BlackElo "2082"]
[PlyCount "40"]
[EventDate "2009.10.03"]

1. c4 e5 2. Nc3 Nc6 3. Nf3 Nf6 4. g3 d5 5. cxd5 Nxd5 6. Bg2 Nxc3 7. bxc3 Be7 8.
O-O O-O 9. d4 exd4 10. cxd4 Bf5 11. d5 Nb4 12. Nd4 Bg6 13. e4 c5 14. Ne2 Bf6
15. Rb1 Nxd5 16. Rxb7 Nc3 17. Nxc3 Bxc3 18. Qxd8 Rfxd8 19. Ba3 Bd4 20. Re1 f6
1/2-1/2

[Event "First Saturday 2009 oktober FM-A"]
[Site "Budapest"]
[Date "2009.10.07"]
[Round "5"]
[White "Schenkerik, Csaba"]
[Black "Yip, Michael"]
[Result "1/2-1/2"]
[WhiteElo "2120"]
[BlackElo "2026"]
[PlyCount "58"]
[EventDate "2009.10.03"]

1. e4 e5 2. Nf3 Nc6 3. Bb5 a6 4. Ba4 Nf6 5. O-O Be7 6. Re1 b5 7. Bb3 d6 8. c3
O-O 9. h3 Na5 10. Bc2 c5 11. d4 Qc7 12. Nbd2 Nc6 13. d5 Nd8 14. Nf1 Ne8 15. a4
Rb8 16. Be3 Bd7 17. axb5 axb5 18. b4 c4 19. Ra7 Rb7 20. Qa1 Nf6 21. Qa6 Rxa7
22. Qxa7 Nb7 23. Ra1 Rb8 24. Ra6 Ne8 25. Rb6 Qc8 26. Qa1 Ra8 27. Ra6 Nc7 28.
Rxa8 Qxa8 29. Qxa8+ Nxa8 1/2-1/2

[Event "First Saturday 2009 oktober FM-A"]
[Site "Budapest"]
[Date "2009.10.07"]
[Round "5"]
[White "Arndt, Uwe"]
[Black "Mayer, Istvan"]
[Result "0-1"]
[WhiteElo "2032"]
[BlackElo "2186"]
[PlyCount "112"]
[EventDate "2009.10.03"]

1. d4 e5 2. dxe5 Nc6 3. Nf3 Qe7 4. Nc3 Nxe5 5. Nd5 Nxf3+ 6. gxf3 Qd8 7. Bf4 d6
8. Qd4 c6 9. Nc3 Qb6 10. Qxb6 axb6 11. O-O-O d5 12. e4 dxe4 13. fxe4 Bb4 14.
Bd2 Be6 15. a3 Bc5 16. f4 Nf6 17. f5 Bd7 18. Be2 Bd4 19. Bf3 Be5 20. Ne2 O-O
21. Be3 b5 22. Bc5 Rfe8 23. Ng3 g6 24. Bd6 b4 25. Bxe5 Rxe5 26. axb4 gxf5 27.
exf5 Bxf5 28. Nxf5 Rxf5 29. Rhg1+ Kf8 30. Rg3 Nd5 31. c3 Ne3 32. Bg4 Ra1+ 33.
Kd2 Nf1+ 34. Rxf1 Rfxf1 35. Rh3 Rf2+ 36. Kd3 Rxb2 37. Rxh7 Kg8 38. Rh5 Ra8 39.
h3 Rf2 40. Re5 Rf6 41. Re7 b5 42. Kd4 Rd8+ 43. Ke5 Kg7 44. Bd7 Rf1 45. Bxc6
Re1+ 46. Be4 Rd3 47. c4 bxc4 48. Rc7 c3 49. b5 Rxh3 50. b6 Rh4 51. Rc4 c2 52.
b7 c1=Q 53. Rxc1 Rexe4+ 54. Kd6 Rb4 55. Kc7 Rhc4+ 56. Rxc4 Rxc4+ 0-1

[Event "First Saturday 2009 oktober FM-A"]
[Site "Budapest"]
[Date "2009.10.08"]
[Round "6"]
[White "Mayer, Istvan"]
[Black "Henrichsen, Jens"]
[Result "1-0"]
[WhiteElo "2186"]
[BlackElo "1964"]
[PlyCount "55"]
[EventDate "2009.10.03"]

1. e4 c5 2. Nf3 d6 3. d4 cxd4 4. Nxd4 Nf6 5. Nc3 a6 6. Be2 e6 7. O-O Be7 8. Kh1
O-O 9. f4 Qc7 10. Bf3 Nc6 11. g4 Nxd4 12. Qxd4 Re8 13. g5 Nd7 14. Qg1 b5 15.
Qg2 Rb8 16. Nd1 Bb7 17. Ne3 f6 18. h4 Rf8 19. Qg4 f5 20. exf5 Bxf3+ 21. Rxf3
Qc6 22. f6 Bxf6 23. gxf6 Rxf6 24. Qg2 Rh6 25. Rh3 Qc5 26. f5 exf5 27. Nxf5 Rg6
28. Ne7+ 1-0

[Event "First Saturday 2009 oktober FM-A"]
[Site "Budapest"]
[Date "2009.10.08"]
[Round "6"]
[White "Yip, Michael"]
[Black "Arndt, Uwe"]
[Result "0-1"]
[WhiteElo "2026"]
[BlackElo "2032"]
[PlyCount "24"]
[EventDate "2009.10.03"]

1. d4 Nf6 2. c4 e6 3. Nc3 d5 4. cxd5 exd5 5. Bg5 Be7 6. e3 Nbd7 7. Bd3 O-O 8.
Nge2 c6 9. Qc2 Re8 10. O-O Ne4 11. Bxe4 dxe4 12. Nxe4 Bxg5 0-1

[Event "First Saturday 2009 oktober FM-A"]
[Site "Budapest"]
[Date "2009.10.08"]
[Round "6"]
[White "Borda, Lajos"]
[Black "Schenkerik, Csaba"]
[Result "1/2-1/2"]
[WhiteElo "2082"]
[BlackElo "2120"]
[PlyCount "48"]
[EventDate "2009.10.03"]

1. e4 e6 2. Qe2 c5 3. g3 Nc6 4. c3 g6 5. Bg2 Bg7 6. d3 Nge7 7. Be3 b6 8. Na3 d5
9. Nc2 d4 10. cxd4 cxd4 11. Bd2 e5 12. h4 h5 13. Bh3 a5 14. Bxc8 Qxc8 15. a4
Qe6 16. Na3 O-O 17. Nc4 Rfb8 18. Nf3 f6 19. O-O Nc8 20. Rfc1 Bf8 21. Be1 Bh6
22. Bd2 Bf8 23. Be1 Bh6 24. Bd2 Bf8 1/2-1/2

[Event "First Saturday 2009 oktober FM-A"]
[Site "Budapest"]
[Date "2009.10.08"]
[Round "6"]
[White "Kuntz, Andre"]
[Black "Andersen, Daniel"]
[Result "1-0"]
[WhiteElo "1974"]
[BlackElo "1953"]
[PlyCount "51"]
[EventDate "2009.10.03"]

1. e4 e6 2. d4 d5 3. exd5 exd5 4. Bd3 Nc6 5. Nf3 Bg4 6. c3 Qd7 7. O-O O-O-O 8.
Bf4 f6 9. h3 Bh5 10. Qc2 Nge7 11. Nbd2 g5 12. Bg3 Bg6 13. b4 Bxd3 14. Qxd3 Nf5
15. Bh2 h5 16. Nb3 g4 17. Nfd2 Kb8 18. b5 Nce7 19. Nc5 Qc8 20. Rfe1 Nh4 21.
Rab1 b6 22. Na6+ Kb7 23. Nxc7 Rg8 24. Ne6 Re8 25. c4 dxc4 26. Qe4+ 1-0